000 01015nam a2200289 a 4500
001 1018
003 BR-CuiBMT
005 20231126001407.0
008 231125s1999 spba 001 0 por d
020 _a8534610746
040 _aBR-CuiBMT
_cBR-CuiBMT
041 1 _apor
_heng
080 _22007
_a37.018.4
090 _a37.018.4
_bM515e
100 1 _aMeister, Jeanne C.
240 0 0 _aCorporate universities.
_lPortuguês
245 1 0 _aEducação corporativa /
_cJeanne C. Meister ; tradução Maria Claudia Santos Ribeiro.
246 3 4 _aEducação corporativa /
_ba gestão do capital intelectual através das universidades corporativas.
260 _aSão Paulo :
_bMakron Books,
_c1999.
300 _axxxii, 296p. :
_bil. ;
_c25 cm
500 _a"Subtítulo retirado da capa."
504 _aInclui bibliografia e índice.
650 _aEducação corporativa
650 _aGestão do conhecimento
_xTreinamento de pessoal
_xEnsino superior
650 _aAdministração de pessoal
942 _2udc
_cLV
999 _c1018
_d1018